000 00487nam a2200169Ia 4500
003 PILC
005 20160223073647.0
008 140609s9999 xx 000 0 und d
020 _a9780805427110
050 _aBV 1590
_b.B83 2004
100 _aBuchanan, Edward A.
245 _aParent/teacher handbook /
_cEdward A. Buchanan.
260 _aNashville, Tenn. :
_bBroadman & Holman,
_c2004.
300 _a244 pages :
_billustrations ;
_c23 cm.
942 _kFOR
_cBK
_2lcc
999 _c117943
_d117943